000
00490nam a2200169Ia 4500
008
090711s9999 xx 000 0 und d
082
_b
73421
100
_a
घनवटकर सुधीर
245
_a
उगवती पूर्व
260
_c
1993
300
_a
98
600
_a
घनवटकर सुधीर
630
_a
उगवती पूर्व
700
_a
घनवटकर सुधीर
730
_a
उगवती पूर्व
942
_c
BOOK
999
_c
291765
_d
291765